000 00561cam a22001692 4500
082 _a516.22
_bABB
_cL-2, P-16
100 1 _aAbbott, W.
_939365
245 1 0 _aPractical geometry and engineering graphics,
_ca textbook for engineering students by W. Abbott ...
250 _a4th ed.
260 _aLondon,
_aGlasgow,
_bBlackie & son limited
_cc1947
300 _a326 p.
_bdiagrs.
_c23 cm.
526 _a0
_b0
_c0
_d516_220000000000000_ABB
650 0 _aEngineering graphics.
_97938
650 0 _aGeometry, Descriptive.
_939366
650 0 _aMCE
_9379
942 _2ddc
_cBK
999 _c543866
_d543866